Statistics for Top 15 Countries with Covid-19 Deaths - 8 May

Click here to take the quiz!

General Stats

  • This quiz has been taken 14 times
  • The average score is 15 of 21

Answer Stats

country% Correct
China
100%
Brazil
92%
Italy
92%
United Kingdom
92%
United States
92%
Germany
85%
Spain
85%
Canada
77%
France
77%
Mexico
77%
Portugal
77%
Belgium
69%
Iran
69%
Ireland
69%
Netherlands
69%
Turkey
69%
Sweden
62%
Sweden
62%
Switzerland
62%
Denmark
46%
Ecuador
23%

Score Distribution

Percentile by Number Answered

Percent of People with Each Score

Your Score History

You have not taken this quiz